000 01553cam a2200349 a 4500
001 EDZ0000067653
003 StDuBDS
005 20161031105116.0
006 m||||||||d||||||||
007 cr |||||||||||
008 120405s2004 enk fo| 001|0|eng d
020 _a9781446211878 (ebook) :
_cNo price
040 _aStDuBDS
_beng
_cStDuBDS
_epn
049 _aAlfaisal Main Library
050 0 _aLB3013.3
_b.O46 2004
082 0 4 _a371.58
_223
100 1 _aO'Moore, Mona.
245 1 0 _aDealing with bullying in schools
_h[electronic resource] :
_ba training manual for teachers, parents and other professionals /
_cMona O'Moore and Stephen James Minton.
260 _aLondon :
_bPaul Chapman,
_c2004.
300 _a1 online resource (vii, 111 p.)
504 _aIncludes bibliographical references and index.
520 8 _aDeveloped from training courses on the subject of dealing with bullying in schools, this book deals with the needs of the class teacher, the school management team, the bullied, the bullies and the parents of both parties. Each chapter offers a set of resources with commentaries for these different groups.
521 _aSpecialized.
588 _aDescription based on print version record.
650 0 _aBullying in schools.
655 7 _aElectronic books.
_2local
700 1 _aMinton, Stephen James.
710 2 _aSage eBooks
776 0 8 _iPrint version :
_z9781412902816
856 4 0 _uhttp://ezproxy.alfaisal.edu/login?url=http://sk.sagepub.com/books/dealing-with-bullying-in-schools
942 _2lcc
_cEBOOKS
999 _c479463
_d479463